[Event "British Columbia op"]
[Site "Richmond CAN"]
[Date "2017.02.11"]
[Round "2.1"]
[White "Kenney, Jason"]
[Black "Sohal, Tanraj"]
[Result "1/2-1/2"]
[WhiteElo "2201"]
[BlackElo "2374"]
[WhiteFideId "-1"]
[WhiteFideId "-1"]
[PlyCount "86"]
[GameId "2160767908478568"]
[EventDate "2017.02.11"]
[EventType "swiss"]
[EventRounds "6"]
[EventCountry "CAN"]
[SourceTitle "EXT 2022"]
[Source "ChessBase"]
[SourceDate "2021.10.06"]
[SourceVersion "1"]
[SourceVersionDate "2021.10.06"]
[SourceQuality "1"]

1. Nf3 e6 2. g3 d5 3. c4 Nf6 4. Bg2 Be7 5. O-O O-O 6. b3 b6 7. Bb2 Bb7 8. e3 c5 9. Nc3 Nbd7 10. cxd5 Nxd5 11. Nxd5 Bxd5 12. d4 Rc8 13. Qe2 cxd4 14. Nxd4 Bxg2 15. Kxg2 Nc5 16. e4 Qd7 17. Kg1 Qb7 18. Rfe1 Rfd8 19. Rad1 a6 20. h4 Bf6 21. e5 Be7 22. Qg4 Bf8 23. Bc1 Rd5 24. h5 Qd7 25. h6 g6 26. Bg5 Be7 27. Bxe7 Qxe7 28. Nf3 Nd3 29. Rf1 Rcd8 30. Rd2 Nxe5 31. Nxe5 Rxd2 32. Nc6 Qf8 33. Nxd8 Rxd8 34. Qf4 Qe7 35. Rc1 e5 36. Qe3 Qd6 37. Qf3 Qf8 38. Qf6 Re8 39. Qxb6 Qxh6 40. Rd1 Qh5 41. Rd8 Rxd8 42. Qxd8+ Kg7 43. Qd3 a5 1/2-1/2

[Event "British Columbia op"]
[Site "Richmond CAN"]
[Date "2017.02.11"]
[Round "2.2"]
[White "Morozov, Grigory"]
[Black "Nyamdorj, Davaa-Ochir"]
[Result "1/2-1/2"]
[WhiteElo "2348"]
[BlackElo "2149"]
[WhiteFideId "-1"]
[WhiteFideId "-1"]
[PlyCount "89"]
[GameId "2160767908478569"]
[EventDate "2017.02.11"]
[EventType "swiss"]
[EventRounds "6"]
[EventCountry "CAN"]

1. d4 Nf6 2. Nf3 d5 3. c4 e6 4. Nc3 Be7 5. Bg5 h6 6. Bh4 O-O 7. e3 Ne4 8. Bxe7 Qxe7 9. Qb3 c6 10. Bd3 Nxc3 11. bxc3 Nd7 12. O-O dxc4 13. Qxc4 e5 14. Bc2 c5 15. Rab1 a6 16. Rfe1 Rb8 17. Bf5 b5 18. Qb3 Bb7 19. e4 exd4 20. cxd4 cxd4 21. Nxd4 Ne5 22. Qg3 Rbd8 23. Nf3 Nxf3+ 24. Qxf3 Rd2 25. a3 Rfd8 26. Qb3 g6 27. Bh3 R8d3 28. Qb4 Qh4 29. Qc5 Rd4 30. f3 Rc4 31. Qe3 Rcd4 32. a4 b4 33. a5 Kh7 34. Rf1 Qd8 35. Qf4 Qe7 36. Rbc1 Rd6 37. Rb1 R6d4 38. Rfc1 Rd6 39. Rxb4 Rd1+ 40. Rxd1 Rxd1+ 41. Kf2 Qc5+ 42. Kg3 Qxb4 43. Qxf7+ Kh8 44. Qf6+ Kh7 45. Qf7+ 1/2-1/2

[Event "British Columbia op"]
[Site "Richmond CAN"]
[Date "2017.02.11"]
[Round "2.3"]
[White "Hemstapat, Andrew"]
[Black "Pechisker, Alfred"]
[Result "0-1"]
[WhiteElo "2009"]
[BlackElo "2237"]
[WhiteFideId "-1"]
[WhiteFideId "-1"]
[PlyCount "100"]
[GameId "2160767908478570"]
[EventDate "2017.02.11"]
[EventType "swiss"]
[EventRounds "6"]
[EventCountry "CAN"]
[SourceTitle "EXT 2022"]
[Source "ChessBase"]
[SourceDate "2021.10.06"]
[SourceVersion "1"]
[SourceVersionDate "2021.10.06"]
[SourceQuality "1"]

1. e4 c5 2. Nf3 e6 3. Nc3 Nc6 4. d4 cxd4 5. Nxd4 Nf6 6. a3 d5 7. Bb5 Bd7 8. exd5 exd5 9. Bg5 Be7 10. O-O O-O 11. Re1 Bg4 12. f3 Nxd4 13. Qxd4 Be6 14. Kh1 Qc7 15. f4 Bc5 16. Qd2 Ng4 17. Bh4 d4 18. Ne4 Bb6 19. Bd3 Ne3 20. Qf2 f5 21. Nd2 Bd5 22. Nf3 Qxf4 23. Bg5 Qg4 24. Bxe3 dxe3 25. Qe2 Rae8 26. Rad1 Re7 27. b4 Rc8 28. a4 a5 29. bxa5 Bxa5 30. Rf1 g6 31. h3 Qxa4 32. Ra1 Qb4 33. c4 Be4 34. Bxe4 Rxe4 35. Rfb1 Qc3 36. Rc1 Qb4 37. Rcb1 Qc5 38. Rb5 Qe7 39. Rbxa5 Rcxc4 40. Ra8+ Kg7 41. Rb1 Rc7 42. Ra3 Qxa3 43. Ng5 Ree7 44. Qd1 Qc3 45. Qd8 e2 46. Nf3 e1=Q+ 47. Rxe1 Rxe1+ 48. Kh2 Ree7 49. h4 Qe3 50. Qd6 Rcd7 0-1

[Event "British Columbia op"]
[Site "Richmond CAN"]
[Date "2017.02.11"]
[Round "2.4"]
[White "Doknjas, Joshua"]
[Black "Sadoughian-Zadeh, Farshad"]
[Result "1/2-1/2"]
[WhiteElo "2208"]
[BlackElo "2090"]
[WhiteFideId "-1"]
[WhiteFideId "-1"]
[PlyCount "109"]
[GameId "2160767908478571"]
[EventDate "2017.02.11"]
[EventType "swiss"]
[EventRounds "6"]
[EventCountry "CAN"]
[SourceTitle "EXT 2022"]
[Source "ChessBase"]
[SourceDate "2021.10.06"]
[SourceVersion "1"]
[SourceVersionDate "2021.10.06"]
[SourceQuality "1"]

1. e4 e6 2. d4 d5 3. Nc3 Nf6 4. Bg5 Be7 5. e5 Nfd7 6. Bxe7 Qxe7 7. f4 a6 8. Nf3 c5 9. dxc5 Nc6 10. Qd2 Nxc5 11. a3 b5 12. b4 Nd7 13. Bd3 Bb7 14. O-O Rd8 15. Ne2 g6 16. Qe3 Rc8 17. Ned4 Qd8 18. Nb3 O-O 19. Kh1 Ne7 20. Qe1 Re8 21. Qh4 Nf5 22. Qh3 Qe7 23. Rae1 Qf8 24. Nbd4 Nxd4 25. Nxd4 Qg7 26. Re3 Rc7 27. f5 exf5 28. Nxf5 gxf5 29. Rg3 Nxe5 30. Rxg7+ Kxg7 31. Bxf5 Ng6 32. Qg3 Rce7 33. Bd3 Re5 34. Qf2 R8e7 35. Qd4 Kg8 36. h3 Re3 37. Kg1 R3e5 38. Rf5 Re1+ 39. Kh2 Rd1 40. Rf1 Rd2 41. Rf2 Rd1 42. Qf6 Rde1 43. Bxg6 hxg6 44. Rf4 R1e6 45. Qd4 Re5 46. Rh4 Kg7 47. Qd2 Re3 48. Qd4+ R3e5 49. Qb6 Bc8 50. Rf4 R5e6 51. Qd4+ Re5 52. Rf3 Bf5 53. Re3 Be4 54. Qa1 Kg8 55. Qd4 1/2-1/2

[Event "British Columbia op"]
[Site "Richmond CAN"]
[Date "2017.02.11"]
[Round "2.5"]
[White "Gu, Chuyang"]
[Black "Barranco, Francisco"]
[Result "0-1"]
[WhiteElo "1731"]
[BlackElo "2202"]
[WhiteFideId "-1"]
[WhiteFideId "-1"]
[PlyCount "108"]
[GameId "2160767908478572"]
[EventDate "2017.02.11"]
[EventType "swiss"]
[EventRounds "6"]
[EventCountry "CAN"]
[SourceTitle "EXT 2022"]
[Source "ChessBase"]
[SourceDate "2021.10.06"]
[SourceVersion "1"]
[SourceVersionDate "2021.10.06"]
[SourceQuality "1"]

1. e4 g6 2. d4 Bg7 3. Nc3 c6 4. Nf3 d5 5. Be2 dxe4 6. Nxe4 Nd7 7. O-O Ngf6 8. Nxf6+ Nxf6 9. Be3 O-O 10. c3 Nd5 11. Qd2 Nxe3 12. fxe3 e5 13. Rad1 Qe7 14. Bc4 Bg4 15. h3 Bf5 16. Rde1 Rad8 17. Qf2 a5 18. e4 Be6 19. Bxe6 Qxe6 20. Qg3 exd4 21. cxd4 Bxd4+ 22. Nxd4 Rxd4 23. Qc7 Rb4 24. Qxa5 Rxb2 25. a4 Qa2 26. Qg5 Qxa4 27. e5 Qd4+ 28. Kh1 Qd5 29. Qg3 Re8 30. Re3 Rb5 31. Ref3 Qxe5 32. Qf2 f5 33. g4 Rb2 34. Qg1 Ra8 35. gxf5 Raa2 36. R3f2 Rxf2 37. Rxf2 Qe4+ 38. Kh2 Qf4+ 39. Kg2 Qxf2+ 40. Qxf2 Rxf2+ 41. Kxf2 gxf5 42. Ke3 b5 43. Kd4 b4 44. Kc4 f4 45. h4 f3 46. h5 f2 47. h6 f1=Q+ 48. Kxb4 Qb5+ 49. Ka3 Kf7 50. Ka2 Ke6 51. Ka3 Kd5 52. Ka2 Kc4 53. Ka1 Kc3 54. Ka2 Qb2# 0-1

[Event "British Columbia op"]
[Site "Richmond CAN"]
[Date "2017.02.11"]
[Round "2.6"]
[White "Chung, Alec"]
[Black "Salcedo, Daniel"]
[Result "0-1"]
[WhiteElo "1700"]
[BlackElo "1997"]
[WhiteFideId "-1"]
[WhiteFideId "-1"]
[PlyCount "115"]
[GameId "2160767908478573"]
[EventDate "2017.02.11"]
[EventType "swiss"]
[EventRounds "6"]
[EventCountry "CAN"]
[SourceTitle "EXT 2022"]
[Source "ChessBase"]
[SourceDate "2021.10.06"]
[SourceVersion "1"]
[SourceVersionDate "2021.10.06"]
[SourceQuality "1"]

1. c4 Nf6 2. Nc3 g6 3. g3 Bg7 4. Bg2 d6 5. e4 O-O 6. Nge2 c6 7. d3 Nbd7 8. h3 Rb8 9. Be3 Qa5 10. a4 e5 11. Qd2 Nc5 12. O-O Nb3 13. Qc2 Nxa1 14. Rxa1 b5 15. Bd2 bxc4 16. dxc4 Qb6 17. Rb1 a5 18. Be3 Qb3 19. Qd3 d5 20. cxd5 cxd5 21. exd5 Bf5 22. Qd1 Bxb1 23. Qxb1 Qxb2 24. Qd3 e4 25. Qd1 Rfd8 26. Bf4 Rbc8 27. d6 Rxc3 28. Be5 Rc1 29. Qxc1 Qxe5 30. Nc3 Qxd6 31. Qg5 Qd2 32. Qc5 Qc1+ 33. Kh2 Rd3 34. Nxe4 Qxc5 35. Nxc5 Rc3 36. Nb7 Rc4 37. Nxa5 Rxa4 38. Nc6 Kf8 39. Ne5 Ke7 40. Nd3 Kd6 41. Kg1 Bh6 42. Kh2 Rd4 43. Ne1 Rd2 44. f4 Re2 45. Nf3 Nd5 46. Ne5 Ne3 47. Nxf7+ Ke7 48. Nxh6 Rxg2+ 49. Kh1 Rxg3 50. Ng4 Rxh3+ 51. Nh2 Ng4 52. Kg2 Rxh2+ 53. Kg3 Rh5 54. Kxg4 Kf6 55. Kg3 Kf5 56. Kf3 Rh3+ 57. Kg2 Kg4 58. Kg1 0-1

[Event "British Columbia op"]
[Site "Richmond CAN"]
[Date "2017.02.11"]
[Round "2.7"]
[White "Fratila, Adela"]
[Black "O'Brien, Frank"]
[Result "1-0"]
[WhiteElo "2050"]
[BlackElo "1772"]
[WhiteFideId "-1"]
[WhiteFideId "-1"]
[PlyCount "69"]
[GameId "2160767908478574"]
[EventDate "2017.02.11"]
[EventType "swiss"]
[EventRounds "6"]
[EventCountry "CAN"]
[SourceTitle "EXT 2022"]
[Source "ChessBase"]
[SourceDate "2021.10.06"]
[SourceVersion "1"]
[SourceVersionDate "2021.10.06"]
[SourceQuality "1"]

1. d4 Nf6 2. Nf3 c5 3. c3 e6 4. Bf4 Nc6 5. e3 d5 6. Bd3 Bd7 7. Ne5 Rc8 8. Nd2 Qb6 9. Rb1 Be7 10. O-O Qa5 11. g4 h6 12. g5 hxg5 13. Bxg5 Nxe5 14. dxe5 Ne4 15. Bxe4 Bxg5 16. Qg4 Qd8 17. f4 Bh6 18. Bc2 Bc6 19. e4 Qe7 20. exd5 Bxd5 21. Ba4+ Kd8 22. c4 Bc6 23. Bxc6 Rxc6 24. Ne4 f5 25. Qd1+ Kc7 26. Nd6 g5 27. b4 gxf4 28. bxc5 b6 29. cxb6+ axb6 30. Qa4 Qg7+ 31. Kh1 Rxd6 32. exd6+ Kxd6 33. Rxb6+ Ke5 34. Re1+ Kd4 35. Rd6+ 1-0

[Event "British Columbia op"]
[Site "Richmond CAN"]
[Date "2017.02.11"]
[Round "2.8"]
[White "Hiebert, Kenji"]
[Black "Zheng, Maven"]
[Result "1-0"]
[WhiteElo "2078"]
[BlackElo "1705"]
[WhiteFideId "-1"]
[WhiteFideId "-1"]
[PlyCount "69"]
[GameId "2160767908478575"]
[EventDate "2017.02.11"]
[EventType "swiss"]
[EventRounds "6"]
[EventCountry "CAN"]
[SourceTitle "EXT 2022"]
[Source "ChessBase"]
[SourceDate "2021.10.06"]
[SourceVersion "1"]
[SourceVersionDate "2021.10.06"]
[SourceQuality "1"]

1. e4 c5 2. Nf3 d6 3. d4 cxd4 4. Nxd4 Nf6 5. Nc3 a6 6. Bg5 e5 7. Nf5 Be6 8. Qd2 Nc6 9. Bxf6 gxf6 10. O-O-O Bxf5 11. exf5 Nd4 12. Qd3 b5 13. Kb1 Rc8 14. a3 d5 15. Ne2 Nxe2 16. Bxe2 d4 17. Rhe1 Be7 18. f4 Kf8 19. Bf3 Qc7 20. Re4 b4 21. a4 Kg7 22. Rd2 Rb8 23. g4 h6 24. h4 Rb6 25. Rde2 b3 26. fxe5 fxe5 27. Rxe5 Bxh4 28. cxb3 Bf6 29. Re8 Rxe8 30. Rxe8 Qg3 31. Ka2 Rd6 32. Ra8 Qf2 33. Be2 Rc6 34. Qe4 d3 35. Qe8 1-0

[Event "British Columbia op"]
[Site "Richmond CAN"]
[Date "2017.02.11"]
[Round "2.9"]
[White "Doknjas, Neil"]
[Black "North, Robert"]
[Result "0-1"]
[WhiteElo "1886"]
[BlackElo "2041"]
[WhiteFideId "-1"]
[WhiteFideId "-1"]
[PlyCount "114"]
[GameId "2160767908478576"]
[EventDate "2017.02.11"]
[EventType "swiss"]
[EventRounds "6"]
[EventCountry "CAN"]
[SourceTitle "EXT 2022"]
[Source "ChessBase"]
[SourceDate "2021.10.06"]
[SourceVersion "1"]
[SourceVersionDate "2021.10.06"]
[SourceQuality "1"]

1. e4 c5 2. Nf3 e6 3. Nc3 Nc6 4. d4 cxd4 5. Nxd4 Qc7 6. Ndb5 Qb8 7. Be3 a6 8. Bb6 axb5 9. Nxb5 Bb4+ 10. c3 Ba5 11. Nc7+ Qxc7 12. Bxc7 Bxc7 13. Qg4 Kf8 14. f4 Nf6 15. Qf3 h5 16. Bd3 Bb6 17. h3 h4 18. g4 hxg3 19. Qxg3 Nh5 20. Qf3 Bc7 21. e5 d6 22. Bb5 d5 23. Bxc6 bxc6 24. Qf2 Bd7 25. a3 g6 26. O-O-O Kg7 27. Rhg1 Ra4 28. Rg4 f5 29. exf6+ Nxf6 30. Rg2 Bxf4+ 31. Kb1 e5 32. Qc5 Kf7 33. b3 Raa8 34. Ra2 Ne4 35. Qb6 Nxc3+ 36. Kc2 Nxd1 37. Kxd1 Rxh3 38. Qb7 Rd8 39. Qc7 Ke7 40. Re2 Rh1+ 41. Kc2 Rh2 42. Rxh2 Bxh2 43. a4 Rc8 44. Qb6 g5 45. Qc5+ Ke6 46. Qe3 Bf4 47. Qf3 Kd6 48. a5 g4 49. Qg2 Rh8 50. Qf1 c5 51. a6 g3 52. a7 Bc6 53. b4 c4 54. b5 Bb7 55. Qa1 Rh2+ 56. Kc3 Bd2+ 57. Kc2 Bb4+ 0-1

[Event "British Columbia op"]
[Site "Richmond CAN"]
[Date "2017.02.11"]
[Round "2.10"]
[White "Williamson, Jason"]
[Black "Zhou, Aiden"]
[Result "0-1"]
[WhiteElo "1986"]
[BlackElo "1911"]
[WhiteFideId "-1"]
[WhiteFideId "-1"]
[PlyCount "64"]
[GameId "2160767908478577"]
[EventDate "2017.02.11"]
[EventType "swiss"]
[EventRounds "6"]
[EventCountry "CAN"]
[SourceTitle "EXT 2022"]
[Source "ChessBase"]
[SourceDate "2021.10.06"]
[SourceVersion "1"]
[SourceVersionDate "2021.10.06"]
[SourceQuality "1"]

1. e4 c5 2. Nf3 d6 3. d4 cxd4 4. Nxd4 Nf6 5. Nc3 g6 6. Be3 Bg7 7. f3 O-O 8. Qd2 Nc6 9. Bc4 Bd7 10. O-O-O Rc8 11. Bb3 Ne5 12. h4 Nc4 13. Bxc4 Rxc4 14. h5 Qa5 15. Kb1 Rb8 16. hxg6 hxg6 17. Bh6 Nxe4 18. Nxe4 Qxd2 19. Nxd2 Rxd4 20. Bxg7 Kxg7 21. c3 Bf5+ 22. Kc1 Ra4 23. a3 Rh8 24. Nb3 Rah4 25. Rhe1 Kf8 26. Nd4 Bd7 27. Rd2 Rh1 28. Rde2 Rxe1+ 29. Rxe1 Rh2 30. Re2 e5 31. Nb3 Bh3 32. Rd2 Rh1+ 0-1

[Event "British Columbia op"]
[Site "Richmond CAN"]
[Date "2017.02.11"]
[Round "2.11"]
[White "Zheng, Victor"]
[Black "Huang, Patrick"]
[Result "0-1"]
[WhiteElo "1849"]
[BlackElo "1944"]
[WhiteFideId "-1"]
[WhiteFideId "-1"]
[PlyCount "138"]
[GameId "2160767908478578"]
[EventDate "2017.02.11"]
[EventType "swiss"]
[EventRounds "6"]
[EventCountry "CAN"]
[SourceTitle "EXT 2022"]
[Source "ChessBase"]
[SourceDate "2021.10.06"]
[SourceVersion "1"]
[SourceVersionDate "2021.10.06"]
[SourceQuality "1"]

1. Nf3 c5 2. g3 Nc6 3. c4 g6 4. Bg2 Bg7 5. O-O d6 6. Nc3 e5 7. d3 Nge7 8. a3 O-O 9. Rb1 f5 10. e4 a5 11. Nd5 h6 12. Bd2 g5 13. h3 Nxd5 14. cxd5 Na7 15. b4 axb4 16. axb4 cxb4 17. Bxb4 Qf6 18. Qd2 f4 19. g4 h5 20. Nh2 Bd7 21. Rfc1 Nb5 22. f3 h4 23. Nf1 Rfc8 24. Rxc8+ Rxc8 25. Qa2 Bf8 26. Nd2 Nd4 27. Nc4 Bb5 28. Rc1 Qd8 29. Kf2 Bxc4 30. dxc4 Qb6 31. Rb1 Nc2+ 32. c5 Nxb4 33. Qb3 Qxc5+ 34. Kf1 Nc2 35. Qxb7 Ne3+ 36. Kg1 Nxd5+ 37. Kh1 Ne7 38. Qb3+ Qc4 39. Qb6 Qe2 40. Qxd6 Qa2 41. Rg1 Qa5 42. Qf6 Rc6 43. Qxg5+ Rg6 44. Qxh4 Qd2 45. Qh5 Bg7 46. Qh4 Kf7 47. Qe1 Qxe1 48. Rxe1 Bf6 49. Rc1 Bh4 50. Bf1 Rd6 51. Rc5 Kf6 52. Rc2 Nc6 53. Kg2 Nd4 54. Rd2 Rc6 55. Bd3 Rc3 56. Rd1 Rb3 57. Rd2 Ke7 58. Be2 Kd6 59. Ra2 Kc5 60. Bd1 Rb1 61. Be2 Kb4 62. Ra7 Kc3 63. Ba6 Rb2+ 64. Kf1 Rf2+ 65. Ke1 Rd2+ 66. Kf1 Nxf3 67. Rc7+ Kb4 68. Rb7+ Ka5 69. Be2 Nh2+ 0-1

[Event "British Columbia op"]
[Site "Richmond CAN"]
[Date "2017.02.11"]
[Round "2.12"]
[White "Zhu, Brandon"]
[Black "Qu, Leo"]
[Result "1-0"]
[WhiteElo "1939"]
[BlackElo "1872"]
[WhiteFideId "-1"]
[WhiteFideId "-1"]
[PlyCount "63"]
[GameId "2160767908478579"]
[EventDate "2017.02.11"]
[EventType "swiss"]
[EventRounds "6"]
[EventCountry "CAN"]
[SourceTitle "EXT 2022"]
[Source "ChessBase"]
[SourceDate "2021.10.06"]
[SourceVersion "1"]
[SourceVersionDate "2021.10.06"]
[SourceQuality "1"]

1. e4 e6 2. d4 d5 3. Nc3 Nf6 4. e5 Nfd7 5. f4 c5 6. Nf3 Nc6 7. Be3 a6 8. Qd2 b5 9. dxc5 Nxc5 10. Qf2 Nd7 11. Bd3 Be7 12. Ne2 g6 13. c3 Bb7 14. O-O Rc8 15. Ned4 Nc5 16. Nxc6 Rxc6 17. Bc2 Rc8 18. Rad1 Qc7 19. Nd4 Nd7 20. Qg3 Bc5 21. h4 Bxd4 22. Bxd4 Nc5 23. b4 Ne4 24. Bxe4 dxe4 25. Bc5 Bd5 26. f5 gxf5 27. Qg7 Kd7 28. Rxf5 Kc6 29. Rxf7 Qd8 30. Ra7 Rc7 31. Rxa6+ Kb7 32. Ra7+ 1-0

[Event "British Columbia op"]
[Site "Richmond CAN"]
[Date "2017.02.12"]
[Round "3.1"]
[White "Pechisker, Alfred"]
[Black "Morozov, Grigory"]
[Result "1-0"]
[WhiteElo "2237"]
[BlackElo "2348"]
[WhiteFideId "-1"]
[WhiteFideId "-1"]
[PlyCount "95"]
[GameId "2160767908478581"]
[EventDate "2017.02.11"]
[EventType "swiss"]
[EventRounds "6"]
[EventCountry "CAN"]
[SourceTitle "EXT 2022"]
[Source "ChessBase"]
[SourceDate "2021.10.06"]
[SourceVersion "1"]
[SourceVersionDate "2021.10.06"]
[SourceQuality "1"]

1. d4 d5 2. c4 e6 3. Nf3 c6 4. Nc3 dxc4 5. a4 Bb4 6. e3 b5 7. Nd2 Qd7 8. axb5 cxb5 9. Qh5 Bxc3 10. bxc3 Nf6 11. Qg5 O-O 12. Ba3 h6 13. Qg3 Rd8 14. Be2 Bb7 15. O-O Ne4 16. Nxe4 Bxe4 17. f3 Bc2 18. Rac1 Bg6 19. e4 Nc6 20. Rfd1 Na5 21. d5 Nb3 22. Rb1 exd5 23. Rxd5 Qxd5 24. exd5 Bxb1 25. d6 Bd3 26. Bd1 Bf5 27. Qe5 Bd7 28. Bc2 Re8 29. Qd5 Rab8 30. Kf2 a5 31. f4 Na1 32. Bd1 Be6 33. Qh5 Nb3 34. f5 Bd7 35. f6 Re6 36. fxg7 Rf6+ 37. Bf3 Nd2 38. Qe5 Re6 39. Qd4 Nxf3 40. Qa7 Rbe8 41. gxf3 Bc6 42. Qc7 b4 43. cxb4 axb4 44. Bxb4 Bb5 45. d7 Bxd7 46. Qxd7 Re2+ 47. Kg3 Kxg7 48. Bc3+ 1-0

[Event "British Columbia op"]
[Site "Richmond CAN"]
[Date "2017.02.12"]
[Round "3.2"]
[White "Sohal, Tanraj"]
[Black "Fratila, Adela"]
[Result "0-1"]
[WhiteElo "2374"]
[BlackElo "2050"]
[WhiteFideId "-1"]
[WhiteFideId "-1"]
[PlyCount "181"]
[GameId "2160767908478582"]
[EventDate "2017.02.11"]
[EventType "swiss"]
[EventRounds "6"]
[EventCountry "CAN"]
[SourceTitle "EXT 2022"]
[Source "ChessBase"]
[SourceDate "2021.10.06"]
[SourceVersion "1"]
[SourceVersionDate "2021.10.06"]
[SourceQuality "1"]

1. d4 a6 2. e4 e6 3. Nf3 Nf6 4. e5 Nd5 5. Bd3 c5 6. dxc5 Bxc5 7. O-O h6 8. a3 Nc6 9. b4 Ba7 10. c4 Nde7 11. Bb2 O-O 12. Re1 Ng6 13. Nbd2 d5 14. exd6 Qxd6 15. Bxg6 fxg6 16. Ne4 Qe7 17. Nd6 Kh7 18. c5 b6 19. Nxc8 Raxc8 20. cxb6 Bxb6 21. Qe2 Qa7 22. Red1 e5 23. Rd6 Nd4 24. Bxd4 Bxd4 25. Rd1 Rce8 26. Nxd4 exd4 27. Qd2 Qe7 28. Rxd4 Qe2 29. Qxe2 Rxe2 30. Rf1 Ra2 31. Rd3 Rf5 32. g4 Re5 33. Kg2 Ree2 34. Rf3 Reb2 35. Rd1 Rd2 36. Rxd2 Rxd2 37. h4 a5 38. bxa5 Rd4 39. Kg3 Ra4 40. Re3 Rxa5 41. f3 g5 42. hxg5 hxg5 43. Kf2 Ra4 44. Ke2 Kg6 45. Kd2 Kf6 46. Kc2 Ra8 47. Kb2 Rb8+ 48. Rb3 Ra8 49. Rb5 g6 50. Kb3 Re8 51. Rc5 Re3+ 52. Rc3 Re1 53. Kb4 Rb1+ 54. Rb3 Rf1 55. a4 Ke6 56. Kb5 Rd1 57. a5 Kd7 58. Kb6 Kc8 59. a6 Kb8 60. Rb5 Rd3 61. Rxg5 Rd6+ 62. Kb5 Ka7 63. Re5 Rb6+ 64. Kc5 Kxa6 65. Kd5 Kb7 66. Re6 Rb5+ 67. Ke4 g5 68. Re5 Rb4+ 69. Ke3 Kc6 70. Rxg5 Kd6 71. Rf5 Ke6 72. Kf2 Rb8 73. Kg3 Rh8 74. Ra5 Kf6 75. Kf4 Rb8 76. Ra6+ Kg7 77. g5 Rb4+ 78. Kg3 Rb1 79. Kg4 Rb4+ 80. Kh5 Rf4 81. Ra7+ Kf8 82. Kh6 Rxf3 83. Ra8+ Kf7 84. g6+ Ke7 85. Kg7 Rf1 86. Ra3 Rg1 87. Re3+ Kd7 88. Kf7 Rf1+ 89. Kg8 Rg1 90. g7 Rg2 91. Re4 0-1

[Event "British Columbia op"]
[Site "Richmond CAN"]
[Date "2017.02.12"]
[Round "3.3"]
[White "Nyamdorj, Davaa-Ochir"]
[Black "Doknjas, Joshua"]
[Result "1-0"]
[WhiteElo "2149"]
[BlackElo "2208"]
[WhiteFideId "-1"]
[WhiteFideId "-1"]
[PlyCount "119"]
[GameId "2160767908478583"]
[EventDate "2017.02.11"]
[EventType "swiss"]
[EventRounds "6"]
[EventCountry "CAN"]

1. e4 c5 2. Nf3 d6 3. Bb5+ Nd7 4. d4 cxd4 5. Qxd4 a6 6. Bxd7+ Bxd7 7. O-O e5 8. Qd3 Rc8 9. a4 h6 10. c4 Qc7 11. b3 Nf6 12. Nc3 Be7 13. Ba3 Be6 14. Rfd1 Rd8 15. h3 Nh5 16. g3 Qb6 17. Qc2 Qc6 18. Kg2 Qc8 19. Rh1 O-O 20. Nxe5 Bf6 21. Nf3 b5 22. axb5 axb5 23. e5 dxe5 24. Bxf8 e4 25. Qxe4 Bxc3 26. Be7 Re8 27. Ra7 Bf6 28. cxb5 Bxe7 29. b6 Qc5 30. Ra8 Rf8 31. b7 Bd6 32. Rxf8+ Kxf8 33. Ra1 Ke7 34. Ra8 Nf6 35. Qd4 Qxd4 36. Nxd4 Nd7 37. f3 Kf6 38. Ra6 Bc7 39. Nc6 Nc5 40. Ra7 Nd7 41. Ra8 Bd5 42. Rc8 Bd6 43. b8=Q Nxb8 44. Nxb8 Be6 45. Re8 Bxb3 46. Nd7+ Kg6 47. Rd8 Be7 48. Rb8 Bd5 49. Ne5+ Kf6 50. Ng4+ Ke6 51. Rb6+ Kd7 52. Ne3 Be6 53. Rb7+ Ke8 54. g4 Bd6 55. Nf5 Bxf5 56. gxf5 Be7 57. Kg3 f6 58. Kg4 Kf8 59. Kh5 Kf7 60. h4 1-0

[Event "British Columbia op"]
[Site "Richmond CAN"]
[Date "2017.02.12"]
[Round "3.4"]
[White "Sadoughian-Zadeh, Farshad"]
[Black "Kenney, Jason"]
[Result "0-1"]
[WhiteElo "2090"]
[BlackElo "2201"]
[WhiteFideId "-1"]
[WhiteFideId "-1"]
[PlyCount "64"]
[GameId "2160767908478584"]
[EventDate "2017.02.11"]
[EventType "swiss"]
[EventRounds "6"]
[EventCountry "CAN"]
[SourceTitle "EXT 2022"]
[Source "ChessBase"]
[SourceDate "2021.10.06"]
[SourceVersion "1"]
[SourceVersionDate "2021.10.06"]
[SourceQuality "1"]

1. d4 Nf6 2. c4 e6 3. Nc3 Bb4 4. e3 O-O 5. Bd3 d5 6. Nf3 c5 7. O-O Nc6 8. dxc5 Bxc5 9. a3 Bd6 10. Qe2 dxc4 11. Bxc4 Ne5 12. Nxe5 Bxe5 13. e4 Bd7 14. Bd2 Bc6 15. Bd3 Qb6 16. Kh1 Rfd8 17. f4 Bd4 18. b4 Rac8 19. Rac1 a6 20. e5 Nd5 21. Nxd5 Bxd5 22. Rxc8 Rxc8 23. f5 exf5 24. Rxf5 Re8 25. Rg5 g6 26. Bf4 Rc8 27. h4 Rc3 28. Rg3 Rxa3 29. Bxg6 Rxg3 30. Bxh7+ Kxh7 31. Qh5+ Kg8 32. Bxg3 Qg6 0-1

[Event "British Columbia op"]
[Site "Richmond CAN"]
[Date "2017.02.12"]
[Round "3.5"]
[White "Salcedo, Daniel"]
[Black "McLaren, Brian"]
[Result "0-1"]
[WhiteElo "1997"]
[BlackElo "2198"]
[WhiteFideId "-1"]
[WhiteFideId "-1"]
[PlyCount "48"]
[GameId "2160767908478585"]
[EventDate "2017.02.11"]
[EventType "swiss"]
[EventRounds "6"]
[EventCountry "CAN"]
[SourceTitle "EXT 2022"]
[Source "ChessBase"]
[SourceDate "2021.10.06"]
[SourceVersion "1"]
[SourceVersionDate "2021.10.06"]
[SourceQuality "1"]

1. d4 f5 2. c4 Nf6 3. Nf3 e6 4. e3 d5 5. Bd3 c6 6. O-O Bd6 7. Nc3 O-O 8. Ne2 Ne4 9. h4 Nd7 10. Nf4 Qe7 11. Ng5 Nxg5 12. hxg5 Qxg5 13. Nxe6 Qh6 14. Nf4 Nf6 15. Nh3 f4 16. exf4 Bxh3 17. f5 Qh4 18. gxh3 Qxh3 19. f4 Qg3+ 20. Kh1 Ng4 21. Qe2 Rf6 22. Qg2 Qxd3 23. Rf3 Rh6+ 24. Kg1 Qxd4+ 0-1

[Event "British Columbia op"]
[Site "Richmond CAN"]
[Date "2017.02.12"]
[Round "3.6"]
[White "Richardson, Kai"]
[Black "Chung, Alec"]
[Result "1-0"]
[WhiteElo "2083"]
[BlackElo "1700"]
[WhiteFideId "-1"]
[WhiteFideId "-1"]
[PlyCount "63"]
[GameId "2160767908478586"]
[EventDate "2017.02.11"]
[EventType "swiss"]
[EventRounds "6"]
[EventCountry "CAN"]
[SourceTitle "EXT 2022"]
[Source "ChessBase"]
[SourceDate "2021.10.06"]
[SourceVersion "1"]
[SourceVersionDate "2021.10.06"]
[SourceQuality "1"]

1. Nf3 Nf6 2. d4 g6 3. c4 Bg7 4. Nc3 d5 5. cxd5 Nxd5 6. e4 Nxc3 7. bxc3 c5 8. Bb5+ Bd7 9. Bxd7+ Nxd7 10. O-O O-O 11. Bg5 Re8 12. Qb3 Qb6 13. Qd1 Nf6 14. Re1 Rad8 15. Rb1 Qc7 16. Qa4 b6 17. Qc4 Nd7 18. e5 Nf8 19. d5 Rc8 20. e6 f6 21. Bf4 Qb7 22. d6 Red8 23. Rbd1 Kh8 24. d7 Rc6 25. Bd6 Rxd6 26. Rxd6 exd6 27. e7 Qxd7 28. exd8=Q Qxd8 29. Qf7 d5 30. Re7 Bh6 31. Qxf6+ Kg8 32. Rg7+ 1-0